Detalles MARC
| 000 -LEADER |
| longitud fija campo de control |
02046Cam#a22005055a#4500 |
| 003 - IDENTIFICADOR DE NUMERO DE CONTROL |
| control del campo |
AR-RoUNA |
| 005 - FECHA DE LA ULTIMA MODIFICACION |
| control del campo |
20260612095045.0 |
| 008 - CAMPO DE CONTROL - LIBROS |
| longitud fija campo de control |
140529||||||||||||||||| |||| 0|||| d |
| 020 ## - INTERNATIONAL STANDARD BOOK NUMBER |
| ISBN |
9780500234778 |
| 040 ## - ORIGEN DE LA CATALOGACION |
| Agencia que cataloga la obra original |
AR-RoUNA |
| Idioma en que se cataloga |
spa |
| 041 ## - CODIGO DE IDIOMA |
| Codigo de idioma del texto / sonido o titulo separado |
eng |
| 080 ## - CDU |
| Numero de clasificacion |
728.3 |
| 092 ## - SIGNATURA TOPOGRAFICA |
| Libristica |
S782 |
| 100 1# - ASIENTO PRINCIPAL - NOMBRE PERSONAL |
| Nombre personal |
Slesin, Suzanne |
| 9 (RLIN) |
10335 |
| 245 1# - TITULO PROPIAMENTE DICHO |
| Titulo |
The book of : |
| Subtitulo |
Lofts / |
| Mencion de responsabilidad, etc |
Suzanne Slesin; Stafford Cliff; Daniel Rozensztroch |
| 250 ## - MENCION DE EDICION |
| Edicion declarada |
1a. ed. |
| 260 ## - EDITORIAL - PUBLICACION, DISTRIBUCION, ETC. (Pie de imprenta) |
| Lugar de publicacion, distribucion, etc |
New York : |
| Nombre del editor, distribuidor, etc |
Clarkson, Potter, Inc, |
| Fecha de publicacion |
1986 |
| 300 ## - DESCRIPCION FISICA |
| Extension |
248 p. : |
| Otros detalles fisicos |
fot. byn., |
| -- |
planos, |
| -- |
plantas, |
| -- |
fot. col., |
| Dimensiones |
30x22 cm. |
| 500 ## - NOTA GENERAL |
| Nota general |
Contiene un anexo de planos isométricos p 233/248. Fotografias de Gilles de Chabaneix , ilustraciones por Robin Mason. |
| 505 0# - NOTA DE CONTENIDO CON FORMATO |
| Declaración de responsabilidad |
INDICE |
| 505 0# - NOTA DE CONTENIDO CON FORMATO |
| Título |
1. La historia de los lofts. p. 3 |
| 505 0# - NOTA DE CONTENIDO CON FORMATO |
| Título |
2. La atmósfera del loft. p. 23 |
| 505 0# - NOTA DE CONTENIDO CON FORMATO |
| Título |
3. La declaración del loft. p. 33<br/> |
| 505 0# - NOTA DE CONTENIDO CON FORMATO |
| Título |
4. El loft del artista. p. 73 |
| 505 0# - NOTA DE CONTENIDO CON FORMATO |
| Título |
5. El loft abierto. p. 97 |
| 505 0# - NOTA DE CONTENIDO CON FORMATO |
| Título |
6. El loft dividido. p. 117 |
| 505 0# - NOTA DE CONTENIDO CON FORMATO |
| Título |
7. Dividiendo horizontalmente. p.129<br/> |
| 505 0# - NOTA DE CONTENIDO CON FORMATO |
| Título |
8. Dividiendo verticalmente. p.157. |
| 505 0# - NOTA DE CONTENIDO CON FORMATO |
| Título |
9. Vivir y trabajar. p.175<br/><br/> |
| 505 0# - NOTA DE CONTENIDO CON FORMATO |
| Título |
10. El loft en detalle. p.207 |
| 505 0# - NOTA DE CONTENIDO CON FORMATO |
| Título |
11. La influencia del lofts. p. 213 |
| 505 0# - NOTA DE CONTENIDO CON FORMATO |
| Título |
12. Planos y axonometrías. p.233 |
| 505 0# - NOTA DE CONTENIDO CON FORMATO |
| Título |
Créditos fotográficos. p.246 |
| 520 3# - NOTA DE RESUMEN |
| Nota de resumen, etc. |
El libro internacional Lots describe una amplia selección de Lofts en Nueva York, Chicago, Los Ángeles, Londres, París, Berlín y Milán. Ya sea en antiguos almacenes, escuelas reconvertidas, oficinas o antiguos talleres de carpintería, los Lofts son ejemplos singularmente ingeniosos de diseño y vida contemporáneos.<br/><br/> |
| 650 ## - MATERIA - TERMINO TEMATICO |
| Término temático general |
Lofts |
| 650 ## - MATERIA - TERMINO TEMATICO |
| Término temático general |
Historia |
| 651 ## - MATERIA - NOMBRE GEOGRAFICO |
| Termino geografico |
Nueva York (Estados Unidos) |
| 9 (RLIN) |
7589 |
| 700 1# - ENTRADA SECUNDARIA - NOMBRES PERSONALES |
| 9 (RLIN) |
10336 |
| Nombre personal |
Cliff, Stafford |
| 700 1# - ENTRADA SECUNDARIA - NOMBRES PERSONALES |
| 9 (RLIN) |
10337 |
| Nombre personal |
Rozensztroch, Daniel |
| 908 ## - SOPORTE |
| Soporte |
Imp |
| 930 ## - ACCESION |
| Numero de accesion (NR) |
5278 |
| 942 ## - FUENTE DE CLASIFICACION |
| Clasificacion |
Universal Decimal Classification |
| 945 ## - INFORMACION DE PROCESAMIENTO |
| Codigo del operador |
MEM |
| Fecha de ingreso o modificacion |
2026-02-23 |
| 980 ## - DECLARACIÓN DE EQUIVALENCIA O SERIE DE REFERENCIA CRUZADA - NOMBRE / TÍTULO PERSONAL [LOCAL, CANADÁ] |
| Código del operador que modifico el registro |
1 |
| Nombre del operador que modifico el registro |
Maricel Allasia |
| Código del operador |
1 |
| Nombre del operador |
Maricel Allasia |